| 000 | 00592nam a2200205 a 4500 | ||
|---|---|---|---|
| 001 | 3650 | ||
| 003 | CDMR | ||
| 005 | 20151026134202.0 | ||
| 008 | 130130s1972||||||||||||||||||||||||||||d | ||
| 040 |
_aCDMR _bcat _cCDMR |
||
| 100 | 1 |
_aGaillard, Philippe _91869 |
|
| 245 | 1 | 0 |
_aTécnica del periodismo _cpor Philippe Gaillard |
| 260 |
_aBarcelona _c1972 _bOikos-Tau |
||
| 490 | 0 | _a¿Qué sé? | |
| 490 | 0 |
_aQue sais-je? _v77 |
|
| 650 | 0 | 4 |
_94374 _aPeriodisme _xManuals, guies, etc |
| 650 | 0 | 4 |
_93564 _aPeriodisme _xFonts d'informació |
| 650 | 0 | 4 |
_93772 _aPeriodisme--Manuals d'estil |
| 942 |
_cMON _2udc |
||
| 999 |
_c3650 _d3650 |
||